000
00346 a2200157 4500
001
72304
020
_a
040
_c
Anchieta - Colégio São Paulo
100
_a
Barroso, Célio
240
1
0
_a
Vitória-Régia
_l
por
245
1
0
_a
Vitória-Régia
300
_a
26[1p.]
362
0
_a
1974
650
4
_a
Literatura infanto-juvenil
942
_c
BK
999
_c
72304
_d
72304